00602nam a2200193Ia 450000500170000000800410001702000150005808200210007324500520009426000580014630000170020465000130022165000140023465000210024870000210026994200060029095200970029699900150039320250120061249.0240331s9999 xx 000 0 und d a033509757X bCAM21166a305.4 0aCritical Feminism:bArgument in the Disciplines aBuckinghamaPhiladelphiabOpen University Pressc1992 axii, 224 p., aFeminism aSocialism aWomen Psychology aCampbell, Keedt cL 001040708LaWERCLbWERCLcSSCd2024-03-31l0o 305.4 CRIp1166r2024-03-31w2024-03-31yL c1632d1632